Sports Quiz

Random Sports or WWE Quiz

Puroresu Hall of Fame Quiz Stats

 Plays Quiz not verified by Sporcle

Score 0/12 Timer 03:00
0 Plays Today
Year Inducted Wrestler % Correct
1996Antonio Inoki
92.3%
1996Giant Baba
87.2%
1996Rikidozan
75.6%
1997Stan Hansen
47.4%
1996Tiger Mask
25.6%
1997Bruiser Brody
23.1%
1997Abdullah the Butcher
23.1%
1996Karl Gotch
19.2%
1996Lou Thesz
19.2%
1996Atsushi Onita
19.2%
1997Riki Chosu
6.4%
1996Mil Mascaras
5.1%

You're not logged in!

Compare scores with friends on all Sporcle quizzes.
OR
Log In

Show Comments

Extras

Top Quizzes Today


Score Distribution

Your Account Isn't Verified!

In order to create a playlist on Sporcle, you need to verify the email address you used during registration. Go to your Sporcle Settings to finish the process.

Report this User

Report this user for behavior that violates our Community Guidelines.

Details: